000 00589nam a2200145Ia 4500
008 151213s9999 xx 000 0 und d
100 _aআজহার উদ্দীন খান।
245 _aবাংলা সাহিত্যে মোহিত লাল।
_cআজহার উদ্দীন খান।
260 _aকোলকাতা।
_bসুপ্রিম পাবলিশার্স
_c1978
300 _a8684 p.
650 _aBangla
650 _aজীবনী গ্রন্থ
700 _aআজহার উদ্দীন খান।
999 _c4470
_d4470